Economic and cultural significance of ancient India (Record no. 394907)

MARC details
000 -LEADER
fixed length control field 00514 a2200193 4500
005 - DATE & TIME
control field 20260202162113.0
008 - FIXED-LENGTH DATA ELEMENTS--GENERAL INFORMATION
fixed length control field 260202b |||||||| |||| 00| 0 eng d
020 ## - ISBN
International Standard Book Number 9788197913037
Price Rs. 2195.00
040 ## - CATALOGING SOURCE
Original cataloging agency VIVEKANANDA LIBRARY
082 ## - DDC NUMBER
Classification number 934
Book Number M923E
100 ## - MAIN ENTRY--PERSONAL NAME
Personal name Mundhe-Kagne, Savita
245 ## - TITLE STATEMENT
Title Economic and cultural significance of ancient India
260 ## - PUBLICATION, DISTRIBUTION, ETC. (IMPRINT)
Name of publisher, distributor, etc Apex Publication
Date of publication, distribution, etc 2025
Place of publication, distribution, etc Jaipur
300 ## - PHYSICAL DESCRIPTION
Pages viii, 240
650 ## - Subject
Subject History
650 ## - Subject
Subject India- History
650 ## - Subject
Subject Indian Culture
942 ## - ADDED ENTRY ELEMENTS (KOHA)
Koha item type Books
Holdings
Withdrawn status Lost status Source of classification or shelving scheme Damaged status Not for loan Location (home branch) Sublocation or collection (holding branch) Shelving location Date acquired Koha issues (times borrowed) Koha full call number Accession No. Koha date last seen Koha item type
    Dewey Decimal Classification     VIVEKANANDA LIBRARY VIVEKANANDA LIBRARY Vivekananda Library 06/01/2026   934 M923E 444094 06/01/2026 Books
© Designed and Maintained by Vivekananda Library, MDU Rohtak